000 00492nam a2200205Ia 4500
003 0100
008 130303s9999 xx 000 0 und d
040 _cARRUPELIB
050 _aLA217.P6
100 _aPostman, Neil
245 _aTeaching as a subversive activity
260 _aHarmondsworth
260 _bPenguin Books
260 _C1971
300 _a204p.
300 _b 23 cm
650 _bAesthetics--Study and teaching
700 _aWeingartner, Charles
942 _2lcc
_01
999 _c65708
_d65708